=LDR 00000nam 2200000 4500 =001 NUTBA000000000002457 =005 20140617103825.0 =006 =007 =008 =020 ##$$a 979-495-398-9 =035 ##$$a 0010-061400000000400 =040 ##$$a NBPDMAT =082 ##$$a 633.74 =090 ##$$a 633.74 $b Ama p =100 ##$$a Amat Nyoto =245 ##$$a Pengolahan cokelat pasca panen / $c Amat Nyoto =250 ##$$a Cet.3 =260 ##$$a Malang : $b Universitas Negeri Malang ( UM Press ), $c 2007 =300 ##$$a vii, 85 hlm. $b ilus. ; $c 21 cm. =500 ##$$a Bibliografi : hlm. 85 =650 ##$$a Cokelat =850 ##$$a NBPDMAT =990 ##$$a 21403502